Places To Study

There are group study rooms, individual study carrels, computer labs, and other spaces to study in the Libraries.

Reserve A Group Room

Online Resources

Access thousands of eBooks, audiobooks, and online journals from the comfort of your home.

Explore Resources

Events and Workshops

Join our upcoming events and workshops to enhance your skills and knowledge.

View Events

Ethnic politics in Burma : states of conflict / (Record no. 2773)

MARC details
000 -LEADER
fixed length control field 01213nam a22002777a 4500
003 - CONTROL NUMBER IDENTIFIER
control field OSt
005 - DATE AND TIME OF LATEST TRANSACTION
control field 20251221163525.0
008 - FIXED-LENGTH DATA ELEMENTS--GENERAL INFORMATION
fixed length control field 251221b |||||||| |||| 00| 0 eng d
020 ## - INTERNATIONAL STANDARD BOOK NUMBER
International Standard Book Number 9780415572699 (pbk)
020 ## - INTERNATIONAL STANDARD BOOK NUMBER
International Standard Book Number 9780415410083 ( hbk)
020 ## - INTERNATIONAL STANDARD BOOK NUMBER
International Standard Book Number 9780415895191 (ebk)
040 ## - CATALOGING SOURCE
Transcribing agency DCL
041 ## - LANGUAGE CODE
Language code of text/sound track or separate title English
082 ## - DEWEY DECIMAL CLASSIFICATION NUMBER
Classification number 305.8009591
100 1# - MAIN ENTRY--PERSONAL NAME
Personal name South, Ashley
245 10 - TITLE STATEMENT
Title Ethnic politics in Burma : states of conflict /
Remainder of title
Statement of responsibility, etc. Ashley South.
260 ## - PUBLICATION, DISTRIBUTION, ETC.
Place of publication, distribution, etc. New York :
Name of publisher, distributor, etc. Routledge,
Date of publication, distribution, etc. 2008.
300 ## - PHYSICAL DESCRIPTION
Extent xx, 227 pages :
Other physical details maps, tables ;
Dimensions 24 cm.
500 ## - GENERAL NOTE
General note Includes bibliographical references (p. [233]-256) and index.
505 ## - FORMATTED CONTENTS NOTE
Formatted contents note Conflicting histories<br/>Shifting identities<br/>State and society, grievance and greed, ethnicity and insurgency<br/>Armed conflict since 1988<br/>Enemies and allies on the Thailand border<br/>The costs of conflict<br/>State, ceasefires and civil society<br/>The SPDC and the ceacefire movement<br/>Civil society and social change<br/>Re-imagining communities.
650 ## - SUBJECT ADDED ENTRY--TOPICAL TERM
Topical term or geographic name entry element Ethnic conflict
Geographic subdivision Myanmar
650 ## - SUBJECT ADDED ENTRY--TOPICAL TERM
Topical term or geographic name entry element Conflict management
Geographic subdivision Myanmar
651 ## - SUBJECT ADDED ENTRY--GEOGRAPHIC NAME
Geographic name Myanmar
Form subdivision Ethnic relations
651 ## - SUBJECT ADDED ENTRY--GEOGRAPHIC NAME
Geographic name Myanmar
General subdivision Politics and government
Geographic subdivision 1988-
942 ## - ADDED ENTRY ELEMENTS (KOHA)
Source of classification or shelving scheme Dewey Decimal Classification
Koha item type Short Term
Suppress in OPAC No
Holdings
Withdrawn status Lost status Source of classification or shelving scheme Damaged status Not for loan Collection Accession No. Home library Current library Shelving location Date acquired Total checkouts Full call number Barcode Date last seen Price effective from Koha item type
    Dewey Decimal Classification     English Collection 3143 Dhammadhara Dhammadhara English Shelves 21/12/2025   305.8009591 So 3143 EB00003143 21/12/2025 21/12/2025 Short Term